000
00313nam a22001337a 4500
008
170523b xxu||||| |||| 00| 0 eng d
020
_a
9780072868906
041
_a
eng
080
_2
3RD
_a
62
100
_a
26
101
_a
IM
245
_a
THE ENGINEERING STUDENT SURVIVAL GUIDE
_c
DONALDSON. K
942
_2
udc
_c
BK
999
_c
13955
_d
13955